Business ethics : a philosophical reader

Αποθηκεύτηκε σε:
Λεπτομέρειες βιβλιογραφικής εγγραφής
Κύριος συγγραφέας: White, Thomas I.
Μορφή: Βιβλίο
Γλώσσα:English
Δημοσίευση: Upper Saddle River : Prentice Hall, 1993
Θέματα:
Ετικέτες: Προσθήκη ετικέτας
Δεν υπάρχουν, Καταχωρήστε ετικέτα πρώτοι!

MARC

LEADER 00000nam a2200000 i 4500
001 1/56019
008 980504s1993 eng d
020 |a 0024272213 
035 |l 10027951 
040 |a GR-MY-UA  |b gre  |e aacr 
041 0 |a eng 
082 0 |a 174.4 
100 1 |a White, Thomas I. 
245 1 0 |a Business ethics :  |b a philosophical reader /  |c Thomas I. White 
260 |a Upper Saddle River :   |b Prentice Hall,   |c 1993 
300 |a xvii, 867 p. 
650 0 0 |a Business ethics. 
852 |a INST  |b CHIOS  |e 19980504  |h 174.4 WHI  |p 005200016615  |q 005200016615  |t BK  |y 0 
901 |a BIBL-1998-2 
909 |a Χ  |b 054400 
922 |a 2ΕΛΗ  |b 199803  |c ΤΔΕ  |d ΠΑΠΑΣΩΤΗΡΙΟΥ